[Event "Villarobledo Online Qualifyer"]
[Site "playchess.com #155672"]
[Date "2009.05.23"]
[Round "10"]
[White "MateJaque"]
[Black "Chesshero045"]
[Result "1-0"]
[WhiteElo "2132"]
[BlackElo "1978"]
[PlyCount "95"]
[EventDate "2009.05.23"]
[EventType "swiss (blitz)"]

1. e4 {[%emt 0:00:00]} e5 {[%emt 0:00:01]} 2. Nf3 {[%emt 0:00:02]} Nf6 {[%emt
0:00:01]} 3. Bc4 {[%emt 0:00:07]} Nxe4 {[%emt 0:00:04]} 4. Nc3 {[%emt 0:00:02]}
Nxc3 {[%emt 0:00:02]} 5. dxc3 {[%emt 0:00:02]} Bc5 {[%emt 0:00:04]} 6. Bxf7+ {
[%emt 0:00:09]} Kxf7 {[%emt 0:00:02]} 7. Qd5+ {[%emt 0:00:01]} Kf8 {[%emt 0:00:
05]} 8. Qxc5+ {[%emt 0:00:01]} d6 {[%emt 0:00:02]} 9. Qc4 {[%emt 0:00:08]} Qf6
{[%emt 0:00:03]} 10. Qxc7 {[%emt 0:00:03]} Qe6 {[%emt 0:00:11]} 11. Qd8+ {
[%emt 0:00:07]} Qe8 {[%emt 0:00:32]} 12. Qxd6+ {[%emt 0:00:01]} Kg8 {[%emt 0:
00:00]} 13. Qxe5 {[%emt 0:00:06]} Qxe5+ {[%emt 0:00:01]} 14. Nxe5 {[%emt 0:00:
01]} Nd7 {[%emt 0:00:07]} 15. Nd3 {[%emt 0:00:11]} Nf6 {[%emt 0:00:03]} 16. Bg5
{[%emt 0:00:04]} Bf5 {[%emt 0:00:02]} 17. Bxf6 {[%emt 0:00:02]} gxf6 {[%emt 0:
00:01]} 18. O-O-O {[%emt 0:00:02]} Rd8 {[%emt 0:00:03]} 19. Nc5 {[%emt 0:00:04]
} Rxd1+ {[%emt 0:00:07]} 20. Rxd1 {[%emt 0:00:02]} b6 {[%emt 0:00:00]} 21. Rd8+
{[%emt 0:00:03]} Kg7 {[%emt 0:00:01]} 22. Rxh8 {[%emt 0:00:01]} Kxh8 {[%emt 0:
00:00]} 23. Nb7 {[%emt 0:00:05]} Kg7 {[%emt 0:00:02]} 24. Nd6 {[%emt 0:00:01]}
Be6 {[%emt 0:00:01]} 25. f3 {[%emt 0:00:08]} f5 {[%emt 0:00:01]} 26. Nb5 {
[%emt 0:00:03]} a6 {[%emt 0:00:02]} 27. Nd4 {[%emt 0:00:01]} Bd7 {[%emt 0:00:
01]} 28. c4 {[%emt 0:00:01]} Kf6 {[%emt 0:00:01]} 29. Kd2 {[%emt 0:00:01]} Ke5
{[%emt 0:00:01]} 30. Ke3 {[%emt 0:00:06]} f4+ {[%emt 0:00:02]} 31. Kd3 {[%emt
0:00:01]} Be8 {[%emt 0:00:05]} 32. b4 {[%emt 0:00:03]} Bg6+ {[%emt 0:00:01]}
33. Kc3 {[%emt 0:00:01]} h5 {[%emt 0:00:07]} 34. Nb3 {[%emt 0:00:05]} Bf7 {
[%emt 0:00:06]} 35. h4 {[%emt 0:00:04]} Be6 {[%emt 0:00:06]} 36. a4 {[%emt 0:
00:02]} Bd7 {[%emt 0:00:03]} 37. b5 {[%emt 0:00:01]} axb5 {[%emt 0:00:04]} 38.
cxb5 {[%emt 0:00:02]} Kd5 {[%emt 0:00:01]} 39. Kb4 {[%emt 0:00:02]} Bf5 {[%emt
0:00:03]} 40. Kc3 {[%emt 0:00:06]} Kd6 {[%emt 0:00:11]} 41. Nd4 {[%emt 0:00:01]
} Bg6 {[%emt 0:00:05]} 42. Ne2 {[%emt 0:00:02]} Ke5 {[%emt 0:00:02]} 43. Nd4 {
[%emt 0:00:05]} Kd5 {[%emt 0:00:06]} 44. Nc6 {[%emt 0:00:01]} Kc5 {[%emt 0:00:
05]} 45. Ne7 {[%emt 0:00:02]} Bf7 {[%emt 0:00:04]} 46. Nf5 {[%emt 0:00:05]} Bg6
{[%emt 0:00:13]} 47. Nd4 {[%emt 0:00:01]} Bf7 {[%emt 0:00:05]} 48. Ne2 {[%emt
0:00:04] Chesshero045 gibt auf} 1-0

[Event "Villarobledo Online Qualifyer"]
[Site "playchess.com #155672"]
[Date "2009.05.23"]
[Round "10"]
[White "Tdurden"]
[Black "-st!er-"]
[Result "0-1"]
[WhiteElo "2211"]
[BlackElo "2752"]
[PlyCount "68"]
[EventDate "2009.05.23"]
[EventType "swiss (blitz)"]

1. e4 {[%emt 0:00:03]} c5 {[%emt 0:00:02]} 2. Nf3 {[%emt 0:00:01]} Nc6 {[%emt
0:00:02]} 3. d4 {[%emt 0:00:01]} cxd4 {[%emt 0:00:01]} 4. Nxd4 {[%emt 0:00:00]}
g6 {[%emt 0:00:02]} 5. c4 {[%emt 0:00:02]} Bg7 {[%emt 0:00:01]} 6. Be3 {[%emt
0:00:02]} Nf6 {[%emt 0:00:01]} 7. Nc3 {[%emt 0:00:01]} O-O {[%emt 0:00:01]} 8.
Be2 {[%emt 0:00:02]} d6 {[%emt 0:00:01]} 9. O-O {[%emt 0:00:01]} Bd7 {[%emt 0:
00:00]} 10. Qd2 {[%emt 0:00:03]} a5 {[%emt 0:00:03]} 11. f3 {[%emt 0:00:03]} a4
{[%emt 0:00:02]} 12. Nd5 {[%emt 0:00:09]} e6 {[%emt 0:00:09]} 13. Nxc6 {[%emt
0:00:18]} Bxc6 {[%emt 0:00:04]} 14. Bb6 {[%emt 0:00:21]} Qb8 {[%emt 0:00:11]}
15. Nc7 {[%emt 0:00:27]} Ra7 {[%emt 0:00:02]} 16. Qe3 {[%emt 0:00:09]} Nd7 {
[%emt 0:00:02]} 17. Bxa7 {[%emt 0:00:03]} Qxc7 {[%emt 0:00:01]} 18. Bd4 {[%emt
0:00:01]} e5 {[%emt 0:00:02]} 19. Bc3 {[%emt 0:00:05]} f5 {[%emt 0:00:02]} 20.
b4 {[%emt 0:00:07]} b6 {[%emt 0:00:03]} 21. Rad1 {[%emt 0:00:08]} Nf6 {[%emt 0:
00:07]} 22. Bd3 {[%emt 0:00:03]} fxe4 {[%emt 0:00:27]} 23. Bxe4 {[%emt 0:00:03]
} Bxe4 {[%emt 0:00:03]} 24. fxe4 {[%emt 0:00:00]} Qxc4 {[%emt 0:00:01]} 25.
Rfe1 {[%emt 0:00:41]} d5 {[%emt 0:00:15]} 26. Bxe5 {[%emt 0:00:17]} Ng4 {[%emt
0:00:02]} 27. Qxb6 {[%emt 0:00:17]} Nxe5 {[%emt 0:00:07]} 28. Qe6+ {[%emt 0:00:
02]} Kh8 {[%emt 0:00:05]} 29. exd5 {[%emt 0:00:02]} Ng4 {[%emt 0:00:01]} 30. h3
{[%emt 0:00:23]} Bd4+ {[%emt 0:00:02]} 31. Kh1 {[%emt 0:00:02]} Nf2+ {[%emt 0:
00:01]} 32. Kh2 {[%emt 0:00:01]} Nxd1 {[%emt 0:00:02]} 33. Rxd1 {[%emt 0:00:00]
} Bg7 {[%emt 0:00:01]} 34. d6 {[%emt 0:00:01]} Qxe6 {[%emt 0:00:01] Tdurden
feladja} 0-1

[Event "Villarobledo Online Qualifyer"]
[Site "playchess.com #155672"]
[Date "2009.05.23"]
[Round "10"]
[White "Orzechowski_Jac"]
[Black "Hauberk"]
[Result "0-1"]
[WhiteElo "2239"]
[BlackElo "2340"]
[PlyCount "40"]
[EventDate "2009.05.23"]
[EventType "swiss (blitz)"]

1. c4 {[%emt 0:00:06]} c6 {[%emt 0:00:03]} 2. e4 {[%emt 0:00:01]} e5 {[%emt 0:
00:01]} 3. Nf3 {[%emt 0:00:01]} Qa5 {[%emt 0:00:02]} 4. Nc3 {[%emt 0:00:07]}
Nf6 {[%emt 0:00:01]} 5. a3 {[%emt 0:00:07]} Bb4 {[%emt 0:00:06]} 6. Qc2 {[%emt
0:00:25]} O-O {[%emt 0:00:04]} 7. Be2 {[%emt 0:00:07]} Bxc3 {[%emt 0:00:17]} 8.
dxc3 {[%emt 0:00:08]} d5 {[%emt 0:00:06]} 9. exd5 {[%emt 0:00:24]} cxd5 {[%emt
0:00:02]} 10. Nxe5 {[%emt 0:00:16]} Re8 {[%emt 0:00:01]} 11. Nf3 {[%emt 0:00:
11]} dxc4 {[%emt 0:00:17]} 12. O-O {[%emt 0:00:01]} Bf5 {[%emt 0:00:03]} 13.
Qd2 {[%emt 0:00:04]} Ne4 {[%emt 0:00:07]} 14. Qf4 {[%emt 0:00:22]} Nxc3 {[%emt
0:00:52]} 15. Bxc4 {[%emt 0:00:11]} Re4 {[%emt 0:00:16]} 16. Re1 {[%emt 0:00:
35]} Rxe1+ {[%emt 0:00:19]} 17. Nxe1 {[%emt 0:00:03]} Ne2+ {[%emt 0:00:01]} 18.
Bxe2 {[%emt 0:00:01]} Qxe1+ {[%emt 0:00:01]} 19. Bf1 {[%emt 0:00:01]} Bd3 {
[%emt 0:00:01]} 20. Bd2 {[%emt 0:00:06]} Qxa1 {[%emt 0:00:02] Orzechowski_Jac
poddaje siê  (Lag: Av=0.48s, max=1.4s)} 0-1

[Event "Villarobledo Online Qualifyer"]
[Site "playchess.com #155672"]
[Date "2009.05.23"]
[Round "10"]
[White "Àíòîíîâ"]
[Black "Schnickschnack"]
[Result "0-1"]
[WhiteElo "1904"]
[BlackElo "2076"]
[PlyCount "68"]
[EventDate "2009.05.23"]
[EventType "swiss (blitz)"]

1. c4 {[%emt 0:00:04]} e5 {[%emt 0:00:01]} 2. Nc3 {[%emt 0:00:01]} Nc6 {[%emt
0:00:01]} 3. g3 {[%emt 0:00:01]} Nf6 {[%emt 0:00:01]} 4. Bg2 {[%emt 0:00:01]}
g6 {[%emt 0:00:01]} 5. Nf3 {[%emt 0:00:02]} Bg7 {[%emt 0:00:01]} 6. O-O {[%emt
0:00:01]} O-O {[%emt 0:00:02]} 7. d3 {[%emt 0:00:01]} d6 {[%emt 0:00:01]} 8.
Bd2 {[%emt 0:00:01]} h6 {[%emt 0:00:03]} 9. Rb1 {[%emt 0:00:02]} a5 {[%emt 0:
00:01]} 10. a3 {[%emt 0:00:01]} Bg4 {[%emt 0:00:01]} 11. h3 {[%emt 0:00:01]}
Bf5 {[%emt 0:00:03]} 12. e4 {[%emt 0:00:01]} Be6 {[%emt 0:00:02]} 13. b4 {
[%emt 0:00:01]} axb4 {[%emt 0:00:02]} 14. axb4 {[%emt 0:00:01]} Qd7 {[%emt 0:
00:01]} 15. Kh2 {[%emt 0:00:02]} Ne8 {[%emt 0:00:16]} 16. b5 {[%emt 0:00:04]}
Ne7 {[%emt 0:00:04]} 17. Nd5 {[%emt 0:00:15]} f5 {[%emt 0:00:08]} 18. Qc1 {
[%emt 0:00:06]} Kh7 {[%emt 0:00:12]} 19. Bc3 {[%emt 0:00:22]} Ra2 {[%emt 0:00:
18]} 20. Rb2 {[%emt 0:00:02]} Rxb2 {[%emt 0:00:06]} 21. Qxb2 {[%emt 0:00:03]}
fxe4 {[%emt 0:00:19]} 22. dxe4 {[%emt 0:00:02]} c6 {[%emt 0:00:06]} 23. Nxe7 {
[%emt 0:00:07]} Qxe7 {[%emt 0:00:02]} 24. bxc6 {[%emt 0:00:05]} bxc6 {[%emt 0:
00:01]} 25. c5 {[%emt 0:00:01]} Bc4 {[%emt 0:00:09]} 26. cxd6 {[%emt 0:00:04]}
Nxd6 {[%emt 0:00:02]} 27. Re1 {[%emt 0:00:02]} Bd3 {[%emt 0:00:15]} 28. Bxe5 {
[%emt 0:00:17]} Nc4 {[%emt 0:00:22]} 29. Qc3 {[%emt 0:00:05]} Nxe5 {[%emt 0:00:
10]} 30. Nxe5 {[%emt 0:00:01]} Bxe5 {[%emt 0:00:18]} 31. Qxd3 {[%emt 0:00:02]}
Rxf2 {[%emt 0:00:02]} 32. Re2 {[%emt 0:00:05]} Rf7 {[%emt 0:00:04]} 33. Qe3 {
[%emt 0:00:28]} Qf6 {[%emt 0:00:10]} 34. Kg1 {[%emt 0:00:08]} Bd4 {[%emt 0:00:
02] Àíòîíîâ resigns} 0-1

[Event "Villarobledo Online Qualifyer"]
[Site "playchess.com #155672"]
[Date "2009.05.23"]
[Round "10"]
[White "Ozmarabagi"]
[Black "ZECE"]
[Result "1-0"]
[WhiteElo "1912"]
[BlackElo "2099"]
[PlyCount "97"]
[EventDate "2009.05.23"]
[EventType "swiss (blitz)"]

1. e4 {[%emt 0:00:05]} c5 {[%emt 0:00:01]} 2. Nf3 {[%emt 0:00:10]} e6 {[%emt 0:
00:01]} 3. d4 {[%emt 0:00:05]} cxd4 {[%emt 0:00:01]} 4. Nxd4 {[%emt 0:00:03]}
Nc6 {[%emt 0:00:03]} 5. Nc3 {[%emt 0:00:05]} Bc5 {[%emt 0:00:01]} 6. Ndb5 {
[%emt 0:00:06]} Qb6 {[%emt 0:00:04]} 7. Qd2 {[%emt 0:00:05]} Bb4 {[%emt 0:00:
29]} 8. a3 {[%emt 0:00:06]} Bxc3 {[%emt 0:00:01]} 9. Qxc3 {[%emt 0:00:07]} Nf6
{[%emt 0:00:02]} 10. Be3 {[%emt 0:00:08]} Qd8 {[%emt 0:00:15]} 11. Bc5 {[%emt
0:00:06]} Nxe4 {[%emt 0:00:05]} 12. Qxg7 {[%emt 0:00:06]} Qf6 {[%emt 0:00:12]}
13. Nd6+ {[%emt 0:00:13]} Kd8 {[%emt 0:00:06]} 14. Qxf6+ {[%emt 0:00:08]} Nxf6
{[%emt 0:00:02]} 15. Nxf7+ {[%emt 0:00:01]} Kc7 {[%emt 0:00:03]} 16. Nxh8 {
[%emt 0:00:02]} d6 {[%emt 0:00:03]} 17. Bb4 {[%emt 0:00:07]} a5 {[%emt 0:00:03]
} 18. Bc3 {[%emt 0:00:01]} e5 {[%emt 0:00:00]} 19. Nf7 {[%emt 0:00:05]} Bf5 {
[%emt 0:00:03]} 20. O-O-O {[%emt 0:00:04]} Ng4 {[%emt 0:00:10]} 21. Nxd6 {
[%emt 0:00:23]} Nxf2 {[%emt 0:00:11]} 22. Nxf5 {[%emt 0:00:03]} Nxh1 {[%emt 0:
00:02]} 23. Bb5 {[%emt 0:00:02]} Rf8 {[%emt 0:00:03]} 24. Bxc6 {[%emt 0:00:12]}
bxc6 {[%emt 0:00:02]} 25. Bxe5+ {[%emt 0:00:03]} Kb6 {[%emt 0:00:05]} 26. g4 {
[%emt 0:00:07]} Nf2 {[%emt 0:00:02]} 27. Bd4+ {[%emt 0:00:01]} c5 {[%emt 0:00:
03]} 28. Bxf2 {[%emt 0:00:01]} h5 {[%emt 0:00:00]} 29. Rd6+ {[%emt 0:00:04]}
Kc7 {[%emt 0:00:02]} 30. Bxc5 {[%emt 0:00:10]} hxg4 {[%emt 0:00:03]} 31. Rc6+ {
[%emt 0:00:04]} Kxc6 {[%emt 0:00:02]} 32. Bxf8 {[%emt 0:00:01]} Kd5 {[%emt 0:
00:00]} 33. Bd6 {[%emt 0:00:04]} Ke4 {[%emt 0:00:02]} 34. Bg3 {[%emt 0:00:02]}
Kf3 {[%emt 0:00:01]} 35. c4 {[%emt 0:00:02]} Ke4 {[%emt 0:00:01]} 36. c5 {
[%emt 0:00:03]} Kxf5 {[%emt 0:00:01]} 37. c6 {[%emt 0:00:01]} Ke6 {[%emt 0:00:
01]} 38. c7 {[%emt 0:00:01]} Kd7 {[%emt 0:00:01]} 39. b4 {[%emt 0:00:01]} axb4
{[%emt 0:00:01]} 40. axb4 {[%emt 0:00:01]} Kc8 {[%emt 0:00:00]} 41. b5 {[%emt
0:00:01]} Kb7 {[%emt 0:00:00]} 42. Kc2 {[%emt 0:00:01]} Kc8 {[%emt 0:00:01]}
43. Kc3 {[%emt 0:00:01]} Kb7 {[%emt 0:00:00]} 44. Kc4 {[%emt 0:00:01]} Kc8 {
[%emt 0:00:00]} 45. Kc5 {[%emt 0:00:03]} Kb7 {[%emt 0:00:01]} 46. Kd6 {[%emt 0:
00:06]} Kc8 {[%emt 0:00:01]} 47. b6 {[%emt 0:00:02]} Kb7 {[%emt 0:00:01]} 48.
Kd7 {[%emt 0:00:02]} Kxb6 {[%emt 0:00:01]} 49. c8=Q {[%emt 0:00:02] ZECE
resigns} 1-0

[Event "Villarobledo Online Qualifyer"]
[Site "playchess.com #155672"]
[Date "2009.05.23"]
[Round "10"]
[White "Ricardov"]
[Black "Kasimito"]
[Result "0-1"]
[WhiteElo "2349"]
[BlackElo "1959"]
[PlyCount "60"]
[EventDate "2009.05.23"]
[EventType "swiss (blitz)"]

1. e4 {[%emt 0:00:02]} c5 {[%emt 0:00:06]} 2. Nf3 {[%emt 0:00:02]} Nc6 {[%emt
0:00:04]} 3. d4 {[%emt 0:00:01]} cxd4 {[%emt 0:00:05]} 4. c3 {[%emt 0:00:01]}
e5 {[%emt 0:00:04]} 5. cxd4 {[%emt 0:00:06]} exd4 {[%emt 0:00:04]} 6. Nxd4 {
[%emt 0:00:02]} Nf6 {[%emt 0:00:04]} 7. Nc3 {[%emt 0:00:04]} Qb6 {[%emt 0:00:
05]} 8. Nb3 {[%emt 0:00:05]} Bb4 {[%emt 0:00:04]} 9. Bd3 {[%emt 0:00:04]} d5 {
[%emt 0:00:04]} 10. exd5 {[%emt 0:00:01]} Nxd5 {[%emt 0:00:04]} 11. Bd2 {[%emt
0:00:01]} Nxc3 {[%emt 0:00:05]} 12. bxc3 {[%emt 0:00:02]} Be7 {[%emt 0:00:04]}
13. Be3 {[%emt 0:00:05]} Qc7 {[%emt 0:00:04]} 14. O-O {[%emt 0:00:04]} O-O {
[%emt 0:00:04]} 15. Qh5 {[%emt 0:00:05]} g6 {[%emt 0:00:05]} 16. Qh6 {[%emt 0:
00:01]} Rd8 {[%emt 0:00:05]} 17. Rad1 {[%emt 0:00:08]} Be6 {[%emt 0:00:04]} 18.
Nd4 {[%emt 0:00:04]} Bxa2 {[%emt 0:00:06]} 19. h4 {[%emt 0:00:04]} Ne5 {[%emt
0:00:05]} 20. Be2 {[%emt 0:00:04]} Qxc3 {[%emt 0:00:05]} 21. h5 {[%emt 0:00:07]
} Rac8 {[%emt 0:00:05]} 22. hxg6 {[%emt 0:00:04]} hxg6 {[%emt 0:00:05]} 23. Ra1
{[%emt 0:00:18]} Qb2 {[%emt 0:00:06]} 24. Bh5 {[%emt 0:01:27]} gxh5 {[%emt 0:
00:09]} 25. Nf5 {[%emt 0:00:02]} Bf8 {[%emt 0:00:05]} 26. Qxh5 {[%emt 0:00:14]}
Ng6 {[%emt 0:00:05]} 27. Qg4 {[%emt 0:00:02]} Be6 {[%emt 0:00:06]} 28. Qg5 {
[%emt 0:00:06]} Qe5 {[%emt 0:00:06]} 29. g4 {[%emt 0:00:08]} a6 {[%emt 0:00:04]
} 30. Bf4 {[%emt 0:00:08]} Qxf4 {[%emt 0:00:08] Ricardov resigns} 0-1

[Event "Villarobledo Online Qualifyer"]
[Site "playchess.com #155672"]
[Date "2009.05.23"]
[Round "10"]
[White "Freuds"]
[Black "Manza"]
[Result "1-0"]
[WhiteElo "1463"]
[BlackElo "1546"]
[PlyCount "67"]
[EventDate "2009.05.23"]
[EventType "swiss (blitz)"]

1. e4 {[%emt 0:00:01]} c5 {[%emt 0:00:01]} 2. Nf3 {[%emt 0:00:01]} e6 {[%emt 0:
00:01]} 3. d4 {[%emt 0:00:01]} cxd4 {[%emt 0:00:02]} 4. Nxd4 {[%emt 0:00:01]}
Nc6 {[%emt 0:00:02]} 5. Nc3 {[%emt 0:00:01]} Nf6 {[%emt 0:00:02]} 6. Be3 {
[%emt 0:00:02]} Bb4 {[%emt 0:00:02]} 7. Nxc6 {[%emt 0:00:14]} Bxc3+ {[%emt 0:
00:11]} 8. bxc3 {[%emt 0:00:02]} bxc6 {[%emt 0:00:02]} 9. Bd3 {[%emt 0:00:02]}
h6 {[%emt 0:00:11]} 10. c4 {[%emt 0:00:07]} Qc7 {[%emt 0:00:10]} 11. c3 {[%emt
0:00:04]} Bb7 {[%emt 0:00:02]} 12. c5 {[%emt 0:00:02]} Rd8 {[%emt 0:00:12]} 13.
O-O {[%emt 0:00:09]} d5 {[%emt 0:00:03]} 14. cxd6 {[%emt 0:00:28]} Rxd6 {[%emt
0:00:03]} 15. Bf4 {[%emt 0:00:02]} Rxd3 {[%emt 0:00:53]} 16. Bxc7 {[%emt 0:00:
07]} Rxd1 {[%emt 0:00:02]} 17. Raxd1 {[%emt 0:00:02]} O-O {[%emt 0:00:02]} 18.
a4 {[%emt 0:00:08]} Nxe4 {[%emt 0:00:06]} 19. Rd3 {[%emt 0:00:08]} Ba6 {[%emt
0:00:05]} 20. Rfd1 {[%emt 0:00:10]} Bxd3 {[%emt 0:00:07]} 21. Rxd3 {[%emt 0:00:
02]} Rc8 {[%emt 0:00:13]} 22. Ba5 {[%emt 0:00:08]} Rb8 {[%emt 0:00:13]} 23. g3
{[%emt 0:00:09]} Rb2 {[%emt 0:00:13]} 24. Rf3 {[%emt 0:00:06]} Ra2 {[%emt 0:00:
07]} 25. Rf4 {[%emt 0:00:07]} Nc5 {[%emt 0:00:07]} 26. Bb4 {[%emt 0:00:14]}
Nxa4 {[%emt 0:00:07]} 27. Rg4 {[%emt 0:00:08]} Rc2 {[%emt 0:00:13]} 28. Be7 {
[%emt 0:00:10]} Rxc3 {[%emt 0:00:04]} 29. Bf6 {[%emt 0:00:03]} Rc1+ {[%emt 0:
00:02]} 30. Kg2 {[%emt 0:00:01]} g6 {[%emt 0:00:03]} 31. Rxa4 {[%emt 0:00:01]}
c5 {[%emt 0:00:04]} 32. Rxa7 {[%emt 0:00:01]} c4 {[%emt 0:00:04]} 33. Ra8+ {
[%emt 0:00:01]} Kh7 {[%emt 0:00:01]} 34. Rh8# {[%emt 0:00:01]} 1-0

[Event "Villarobledo Online Qualifyer"]
[Site "playchess.com #155672"]
[Date "2009.05.23"]
[Round "10"]
[White "Yang Guo"]
[Black "Necromant"]
[Result "1-0"]
[WhiteElo "2836"]
[BlackElo "2577"]
[PlyCount "59"]
[EventDate "2009.05.23"]
[EventType "swiss (blitz)"]

1. e4 {[%emt 0:00:01]} c5 {[%emt 0:00:01]} 2. Nf3 {[%emt 0:00:01]} d6 {[%emt 0:
00:01]} 3. d4 {[%emt 0:00:01]} cxd4 {[%emt 0:00:00]} 4. Qxd4 {[%emt 0:00:01]}
Nf6 {[%emt 0:00:00]} 5. e5 {[%emt 0:00:01]} Nc6 {[%emt 0:00:02]} 6. Bb5 {[%emt
0:00:03]} Qa5+ {[%emt 0:00:01]} 7. Nc3 {[%emt 0:00:03]} Qxb5 {[%emt 0:00:02]}
8. Nxb5 {[%emt 0:00:04]} Nxd4 {[%emt 0:00:01]} 9. Nfxd4 {[%emt 0:00:01]} dxe5 {
[%emt 0:00:02]} 10. Nc7+ {[%emt 0:00:00]} Kd8 {[%emt 0:00:01]} 11. Nxa8 {[%emt
0:00:00]} exd4 {[%emt 0:00:02]} 12. Bf4 {[%emt 0:00:00]} Nd5 {[%emt 0:01:00]}
13. O-O-O {[%emt 0:00:03]} e6 {[%emt 0:00:02]} 14. Rxd4 {[%emt 0:00:03]} Bc5 {
[%emt 0:00:02]} 15. Rd2 {[%emt 0:00:02]} Ke7 {[%emt 0:00:14]} 16. Bg3 {[%emt 0:
00:06]} Bd7 {[%emt 0:00:19]} 17. Nc7 {[%emt 0:00:06]} Nf6 {[%emt 0:00:16]} 18.
Re1 {[%emt 0:00:16]} Rc8 {[%emt 0:00:04]} 19. f3 {[%emt 0:00:28]} Bc6 {[%emt 0:
00:06]} 20. Re5 {[%emt 0:00:18]} Bb6 {[%emt 0:00:37]} 21. Nb5 {[%emt 0:00:02]}
Nd7 {[%emt 0:00:06]} 22. Nd6 {[%emt 0:00:23]} Rd8 {[%emt 0:00:08]} 23. Ree2 {
[%emt 0:00:09]} Bc5 {[%emt 0:00:07]} 24. Nf5+ {[%emt 0:00:05]} Kf6 {[%emt 0:00:
01]} 25. Nd4 {[%emt 0:00:06]} Bd5 {[%emt 0:00:01]} 26. b3 {[%emt 0:00:19]} Bb4
{[%emt 0:00:07]} 27. Rd1 {[%emt 0:00:07]} e5 {[%emt 0:00:08]} 28. Nb5 {[%emt 0:
00:03]} Nc5 {[%emt 0:00:06]} 29. c4 {[%emt 0:00:06]} Bxf3 {[%emt 0:00:01]} 30.
gxf3 {[%emt 0:00:02] Necromant resigns} 1-0

[Event "Villarobledo Online Qualifyer"]
[Site "playchess.com #155672"]
[Date "2009.05.23"]
[Round "10"]
[White "Africanchamp"]
[Black "Maguljica"]
[Result "1-0"]
[WhiteElo "2893"]
[BlackElo "2226"]
[PlyCount "79"]
[EventDate "2009.05.23"]
[EventType "swiss (blitz)"]

1. e4 {[%emt 0:00:04]} c5 {[%emt 0:00:01]} 2. Nf3 {[%emt 0:00:02]} d6 {[%emt 0:
00:01]} 3. d4 {[%emt 0:00:02]} cxd4 {[%emt 0:00:00]} 4. Nxd4 {[%emt 0:00:01]}
Nf6 {[%emt 0:00:01]} 5. Nc3 {[%emt 0:00:02]} Bd7 {[%emt 0:00:01]} 6. g3 {[%emt
0:00:02]} e5 {[%emt 0:00:04]} 7. Nde2 {[%emt 0:00:03]} Be7 {[%emt 0:00:02]} 8.
Bg2 {[%emt 0:00:01]} O-O {[%emt 0:00:01]} 9. O-O {[%emt 0:00:01]} Bc6 {[%emt 0:
00:09]} 10. h3 {[%emt 0:00:02]} Nbd7 {[%emt 0:00:08]} 11. Nd5 {[%emt 0:00:06]}
Bxd5 {[%emt 0:00:03]} 12. exd5 {[%emt 0:00:02]} a5 {[%emt 0:00:05]} 13. c4 {
[%emt 0:00:03]} b6 {[%emt 0:00:01]} 14. Be3 {[%emt 0:00:04]} Nc5 {[%emt 0:00:
04]} 15. Nc3 {[%emt 0:00:06]} Nfd7 {[%emt 0:00:08]} 16. Nb5 {[%emt 0:00:09]} f5
{[%emt 0:00:22]} 17. f4 {[%emt 0:00:02]} e4 {[%emt 0:00:10]} 18. Nd4 {[%emt 0:
00:04]} g6 {[%emt 0:00:30]} 19. Rb1 {[%emt 0:00:05]} a4 {[%emt 0:00:19]} 20. b4
{[%emt 0:00:03]} axb3 {[%emt 0:00:01]} 21. axb3 {[%emt 0:00:01]} Ra2 {[%emt 0:
00:07]} 22. b4 {[%emt 0:00:06]} Nd3 {[%emt 0:00:12]} 23. Ne6 {[%emt 0:00:02]}
Qc8 {[%emt 0:00:08]} 24. Qb3 {[%emt 0:00:05]} Re2 {[%emt 0:00:07]} 25. Bd4 {
[%emt 0:00:11]} Bf6 {[%emt 0:00:04]} 26. Qc3 {[%emt 0:00:07]} Rf7 {[%emt 0:00:
04]} 27. Ra1 {[%emt 0:00:04]} h5 {[%emt 0:00:10]} 28. Ra7 {[%emt 0:00:03]} b5 {
[%emt 0:00:21]} 29. Rc7 {[%emt 0:00:07]} Qb8 {[%emt 0:00:07]} 30. Ra1 {[%emt 0:
00:12]} Ne1 {[%emt 0:00:14]} 31. Bh1 {[%emt 0:00:26] .} Rc2 {[%emt 0:00:02]}
32. Bxf6 {[%emt 0:00:06]} Rxc3 {[%emt 0:00:05]} 33. Bxc3 {[%emt 0:00:01]} Re7 {
[%emt 0:00:02]} 34. Raa7 {[%emt 0:00:05]} bxc4 {[%emt 0:00:02]} 35. Rxd7 {
[%emt 0:00:05]} Rxd7 {[%emt 0:00:00]} 36. Rxd7 {[%emt 0:00:02]} Qb6+ {[%emt 0:
00:05]} 37. Bd4 {[%emt 0:00:01]} Qxb4 {[%emt 0:00:04]} 38. Rg7+ {[%emt 0:00:01]
} Kh8 {[%emt 0:00:01]} 39. Rxg6+ {[%emt 0:00:05]} Kh7 {[%emt 0:00:03]} 40. Nf8#
{[%emt 0:00:01]} 1-0

[Event "Villarobledo Online Qualifyer"]
[Site "playchess.com #155672"]
[Date "2009.05.23"]
[Round "10"]
[White "Spirliadis"]
[Black "jchess06"]
[Result "0-1"]
[WhiteElo "1911"]
[BlackElo "1816"]
[PlyCount "74"]
[EventDate "2009.05.23"]
[EventType "swiss (blitz)"]

1. e4 {[%emt 0:00:01]} e5 {[%emt 0:00:01]} 2. d4 {[%emt 0:00:01]} exd4 {[%emt
0:00:01]} 3. Nf3 {[%emt 0:00:00]} Nc6 {[%emt 0:00:01]} 4. Bc4 {[%emt 0:00:01]}
Nf6 {[%emt 0:00:08]} 5. O-O {[%emt 0:00:01]} Bc5 {[%emt 0:00:02]} 6. c3 {[%emt
0:00:01]} dxc3 {[%emt 0:00:01]} 7. Nxc3 {[%emt 0:00:01]} O-O {[%emt 0:00:02]}
8. Bg5 {[%emt 0:00:00]} Be7 {[%emt 0:00:02]} 9. Re1 {[%emt 0:00:01]} d6 {[%emt
0:00:01]} 10. Qc2 {[%emt 0:00:01]} Be6 {[%emt 0:00:01]} 11. Bd3 {[%emt 0:00:03]
} h6 {[%emt 0:00:01]} 12. Bh4 {[%emt 0:00:01]} Nb4 {[%emt 0:00:02]} 13. Qb1 {
[%emt 0:00:02]} Nxd3 {[%emt 0:00:02]} 14. Qxd3 {[%emt 0:00:00]} Nd7 {[%emt 0:
00:04]} 15. Bxe7 {[%emt 0:00:04]} Qxe7 {[%emt 0:00:00]} 16. Rad1 {[%emt 0:00:
01]} Ne5 {[%emt 0:00:01]} 17. Qb5 {[%emt 0:00:06]} Nxf3+ {[%emt 0:00:01]} 18.
gxf3 {[%emt 0:00:00]} b6 {[%emt 0:00:03]} 19. f4 {[%emt 0:00:04]} Bh3 {[%emt 0:
00:03]} 20. Qh5 {[%emt 0:00:04]} Bd7 {[%emt 0:00:10]} 21. f5 {[%emt 0:00:03]}
Kh7 {[%emt 0:00:04]} 22. Nd5 {[%emt 0:00:06]} Qe5 {[%emt 0:00:10]} 23. f4 {
[%emt 0:00:07]} Qxb2 {[%emt 0:00:11]} 24. Re2 {[%emt 0:00:03]} Qb5 {[%emt 0:00:
12]} 25. Rg2 {[%emt 0:00:05]} Qc5+ {[%emt 0:00:02]} 26. Kh1 {[%emt 0:00:04]}
Bc6 {[%emt 0:00:19]} 27. Rdg1 {[%emt 0:00:03]} Rg8 {[%emt 0:00:08]} 28. Qxf7 {
[%emt 0:00:34]} Qd4 {[%emt 0:00:01]} 29. f6 {[%emt 0:00:06]} Qxe4 {[%emt 0:00:
17]} 30. Nc3 {[%emt 0:00:31]} Qe8 {[%emt 0:00:10]} 31. Qxc7 {[%emt 0:00:10]}
Rc8 {[%emt 0:00:29]} 32. Qxd6 {[%emt 0:00:35]} Bxg2+ {[%emt 0:00:02]} 33. Rxg2
{[%emt 0:00:09]} Qe1+ {[%emt 0:00:20]} 34. Rg1 {[%emt 0:00:05]} Qxc3 {[%emt 0:
00:01]} 35. f7 {[%emt 0:00:44]} Qf3+ {[%emt 0:00:06]} 36. Rg2 {[%emt 0:00:02]}
Rc1+ {[%emt 0:00:01]} 37. Qd1 {[%emt 0:00:01]} Rxd1# {[%emt 0:00:01]} 0-1